000 00766nam a2200229 a 4500
001 000014560
005 20200929163853.0
008 100114s1995 pe 000 0bspa d
020 _a8483896052
040 _aDO-SdBNP
_bspa
_cBNPHU
082 _a928.85
_bM521C
100 1 _aCarrión Ordóñez, Enrique,
_d1934-
_932955
245 1 0 _aMariano Melgar /
_cEnrique Carrión Ordóñez.
260 _aLima, Perú :
_bBrasa,
_c1995.
300 _a126, [2] p. ;
_c21 cm.
490 1 _aForjadores del Perú
_v5
600 1 4 _aMELGAR, MARIANO,
_d1790-1815
_xBIOGRAFÍAS
_932956
650 4 _aPoetas peruanos
_ySIGLO XIX
_xBiografías
_932957
650 4 _aPoesía peruanas
_xHistoria y crítica
_ySIGLO XIX
_932958
830 0 _aForjadores del Perú ;
_v5
_932959
049 _aBNGR
999 _c14147
_d14147